000 00754nam a2200241Ia 4500
003 OSt
005 20220923221608.0
006 a|||||r|||| 00| 0
007 ta
008 220922b |||||||| |||| 00| 0 hin d
024 _a198,405
037 _cTextual
040 _aARTS
_cARTS
_bhin
041 _2hin
_ahin
082 _aP152:3, K6
100 _aभटनागर, राजेन्द्र मोहन
245 0 _aसरल हिन्दी व्याकरण तथा रचना
246 _aSaral hindī vyākaraṇ tathā rachanā
260 _c1966
300 _a216पृ.
_ccm.
942 _hP152:3, K6
_cTEXL
_2CC
999 _c350251
_d350251